000
00312nam a22001337a 4500
008
170223b xxu||||| |||| 00| 0 eng d
020
_a
0721617077
041
_a
eng
080
_a
616.31
100
_a
5
101
_a
SHK
245
_a
SURGICAL CORRECTION OF DENTOFACIAL DEFORMITIES
_c
BELL, W.H
942
_2
udc
_c
BK
999
_c
6136
_d
6136